01057nas a2200277 4500001001300000003000900013005001700022007000300039008003400042040005400076041000900130072000800139100001900147100002000166100001300186100002000199245016300219650002500382650001200407650001200419773011400431909004000545942001800585999001900603952015700622BR2013007073BR-BrBNA20231205122901.0ta230509b bl.|||p| |||| 00| 00por d aBR-BrBNAbporcBiblioteca Nacional de Agricultura a(En) aH101 aCarneiro, T.R.1 aFernandes, O.A.1 aCruz, I.1 aBueno, R.C.O.F.1 aFunctional response of Telenomus remus Nixon (Hymenoptera, Scelionidae)to Spodoptera frugiperda (J.E. Smith)(Lepidoptera, Noctuidae)eggs: effect of female age aCONTROLE BIOLÓGICO aLAGARTA aPOSTURA0 tRevista Brasileira de Entomologia (Brazil)xISSN 0085-5626g(Oct-Dec 2010), v. 54(4) p. 692-696wBR2013007073 a202311bLúciac55dLúcia Elande 2AGRISn0cANA c231079d231079 002AGRIS4071a41918b41918cPeriódicos Agrícolash(Oct-Dec 2010), v. 54(4) p. 692-696l0r2023-11-29t01yCRePortaria Interministerial nº 164/94